000 00379nam a2200145Ia 4500
041 _aPersian
082 _a305,5 cut-235 ب
100 _a20260118u\\\\\\\\\\\y0engy0103\\\\ba
100 _aتى.بى .باتامور
245 0 _aنخبگان وجامعە
250 _aط1
260 _bکتابخانە ملى ایران
_aتاران
_c1381
300 _a232
942 _cBk
999 _c188418
_d188418